logo

Bir Sreshtho Munshi Abdur Rouf Library
Jhenaidah Cadet College

যুক্তি ও বুদ্ধি : (Record no. 1417)

MARC details
000 -LEADER
fixed length control field 00886nam a2200241 a 4500
003 - CONTROL NUMBER IDENTIFIER
JCCL marc code BD-JhCC
005 - DATE AND TIME OF LATEST TRANSACTION
control field 20190704134014.0
008 - FIXED-LENGTH DATA ELEMENTS--GENERAL INFORMATION
fixed length control field 171018s1988 bg a|||| |||| 00| 0 mul d
035 ## - SYSTEM CONTROL NUMBER
system control number (BD-JhCC)
040 ## - CATALOGING SOURCE
Original cataloging agency BD-JhCC
Modifying agency BD-JhCC
041 ## - LANGUAGE CODE
Language code of Book ben & eng
082 ## - DEWEY DECIMAL CLASSIFICATION NUMBER
Classification number 160
Author mark and Year GHO 1988
100 ## - MAIN ENTRY--PERSONAL NAME
Personal name ঘোষ, সিদ্ধার্থ
245 ## - TITLE STATEMENT
Title যুক্তি ও বুদ্ধি :
Remainder of title গাইড টু ইনটেলিজেন্স কোশ্চেন /
Statement of responsibility, etc সিদ্ধার্থ ঘোষ; এস এম তালুকদার এবং এইচ ঠাকুরদাস
260 ## - PUBLICATION, DISTRIBUTION, ETC. (IMPRINT)
Place of publication, distribution, etc ঢাকা :
Date of publication, distribution, etc 1988.
300 ## - PHYSICAL DESCRIPTION
Pagination 176 p. :
Dimensions 21 cm.
Other physical details ill.
650 ## - SUBJECT ADDED ENTRY--TOPICAL TERM
Topical term or geographic name as entry element Logic
650 ## - SUBJECT ADDED ENTRY--TOPICAL TERM
Topical term or geographic name as entry element Artificiel intelligence
700 ## - ADDED ENTRY--PERSONAL NAME
Personal name ঠাকুরদাস, এইচ
700 ## - ADDED ENTRY--PERSONAL NAME
Personal name তালুকদার, এস এম
942 ## - ADDED ENTRY ELEMENTS (KOHA)
Source of classification or shelving scheme Dewey Decimal Classification
Koha item type Books
Koha issues (borrowed), all copies 1
Holdings
Source of classification or shelving scheme Damaged status Not for loan Home library Current library Shelving location Date of accession Cost, normal purchase price Total Checkouts Full call number Barcode Date last seen Copy number Koha item type Date checked out
Dewey Decimal Classification     JCC Rouf Library JCC Rouf Library General Stacks 10/18/2017 125.00   160 GHO 1988 2259 10/18/2017 C-1 Books  
Dewey Decimal Classification     JCC Rouf Library JCC Rouf Library General Stacks 11/02/2017 125.00 1 160 GHO 1988 2667 05/09/2024 C-2 Books 04/25/2024
Dewey Decimal Classification     JCC Rouf Library JCC Rouf Library General Stacks 02/17/2018 125.00 1 160 GHO 1988 10378 07/17/2019 C-3 Books 07/03/2019

JCC Library | Contacts | JCC Home

Last Update on 23 September 2017
Copyright @ 2017-2020 JCC Rouf Library
Rouf Library, Jhenidah Cadet College (JCC), Bangladesh